Catálogo
 En Linea

Centenario y panegírico de Federico Henríquez y Carvajal / (Registro nro. 21320)

Detalles MARC
000 -CABECERA
campo de control de longitud fija 00472nam a2200145 a 4500
001 - NÚMERO DE CONTROL
campo de control 000021822
005 - FECHA Y HORA DE LA ÚLTIMA TRANSACCIÓN
campo de control 20200930011449.0
008 - DATOS DE LONGITUD FIJA--INFORMACIÓN GENERAL
campo de control de longitud fija 100913s1948 cu r 000 0 spa d
040 ## - FUENTE DE LA CATALOGACIÓN
Centro catalogador/agencia de origen DO-SdBNP
Lengua de catalogación spa
Centro/agencia transcriptor BNPHU
082 ## - NÚMERO DE LA CLASIFICACIÓN DECIMAL DEWEY
Número de clasificación xxxx
Número de documento/Ítem S237c
100 1# - ENTRADA PRINCIPAL--NOMBRE DE PERSONA
Nombre de persona Santovenia, Emeterio S.
9 (RLIN) 4532
245 10 - MENCIÓN DE TÍTULO
Título Centenario y panegírico de Federico Henríquez y Carvajal /
Mención de responsabilidad, etc. Emeterio S. Santovenia.
260 ## - PUBLICACIÓN, DISTRIBUCIÓN, ETC.
Lugar de publicación, distribución, etc. La Habana :
Nombre del editor, distribuidor, etc. Ediciones Oficiales del Senado,
Fecha de publicación, distribución, etc. 1948.
300 ## - DESCRIPCIÓN FÍSICA
Extensión 76 p. ;
Dimensiones 19 cm.
Existencias
Estado de retiro Estado de pérdida Restricciones de uso No para préstamo Código de colección Localización permanente Ubicación/localización actual Ubicación en estantería Fecha de adquisición Número de inventario Total de préstamos Signatura topográfica completa Código de barras Fecha visto por última vez Precio válido a partir de Tipo de ítem Koha Nota pública
      Excluido de préstamo Raros y valiosos Patrimonio Dominicano Patrimonio Dominicano Depósito 13.09.2010 LF1   xxxx S237c 21822-10 25.06.2020 25.06.2020 No se presta Perteneció a la biblioteca personal de Martínez Boog.

Con tecnología Koha